=LDR 00000nam 2200000 4500 =001 INLIS000000000060039 =005 20211229012519 =035 ##$$a 0010-1221000266 =007 ta =008 211229###########################0#ind## =020 ##$$a 979-9636-39-7 =082 ##$$a 101 =084 ##$$a 101 Fua c =245 1#$$a Cepat Menguasai Ilmu Filsafat /$c Dr. Fuad Farid Isma'il, Dr. Abdul Hamid Mutawali =300 ##$$a 274 halaman ; $c 21 cm. =650 #4$$a Filsafat , Ilmu =264 ##$$a Yogyakarta :$b IRGSoD,$c 2003 =336 ##$$a teks$2 rdacontent =337 ##$$a lain-lain$2 rdamedia =338 ##$$a lain-lain$2 rdacarrier =990 ##$$a 38343834